01111nam a2200229 a 450000100100000000500170001000800410002702000150006804000250008310000450010824501410015326000720029430000210036649000440038750400320043150400730046371000610053683000510059795201050064895201110075399900170086400004140520201002034847.0131002s2005 sp 000 0 spa d a8400083512 aDO-SdBNPbspacBNPHU1 aVidal Rodríguez, José Antonio96806013aLa Emigración gallega a Cuba : trayectos migratorios, inserción y movilidad laboral, 1898-1968 /aJosé Antonio Vidal Rodríguez,. aMadrid :bConsejo Superior de Investigaciones Científicas,c2005. a422 p. ;c25 cm.1 aBiblioteca de historia de Américav36 aBibliografía : p. 399-422 aIncluye referencias bibliográficas y notas al pie de las páginas2 aConsejo Superior de Investigaciones Científicas,94786 0aBiblioteca de historia de Américav36966078 001050718MOaGRbGRcCTd2013-10-02iLF1l0o p41405-10r2020-06-25w2020-06-25y1ZNo se presta 001050718MOaGRbGRcCTd2013-10-15iLF1l0o p41405-20r2020-06-25te. 2w2020-06-25y1ZNo se presta c40895d40895